| 000 | 00541nam a2200193 a 4500 | ||
|---|---|---|---|
| 005 | 20230330063556.0 | ||
| 008 | 070326s1944 mx r 000 0 spa d | ||
| 035 | _aUPN01000149992 | ||
| 049 | _aF | ||
| 050 | 4 |
_aLB3011 _bS5.28 |
|
| 100 | 1 | _aSheviakov, George V. | |
| 245 | 1 | 0 |
_aDisciplina escolar / _cGeorge V. Sheviakov y Fritz Redl. |
| 260 |
_aWashington : _bUnión Panamericana, _c1944. |
||
| 300 | _a26 p. | ||
| 440 | 0 |
_aEducación ; _v127 |
|
| 650 | 4 |
_aDisciplina escolar _91521 |
|
| 700 | 1 |
_aRedl, Fritz, _ecoaut. |
|
| 905 | _aLibro | ||
| 999 |
_c122133 _d122133 |
||